Bilecik Bilecik Bilecik Bilecik Bilecik

Zaviye ve türbeleri selçuklu osmanlı dönemi/ (Record no. 27136)

MARC details
000 -BAŞLIK
Sabit Uzunluktaki Kontrol Alanı 01321nam a22003617a 4500
001 - KONTROL NUMARASI
Control Dosyası 0027202
003 - KONTROL NUMARASI KİMLİĞİ
Kontrol Alanı KOHA_MİRAKIL
005 - EN SON İŞLEM TARİHİ ve ZAMANI
Kontrol Alanı 20260207002550.0
007 - FİZİKSEL TANIM SABİT ALAN - GENEL BİLGİ
Sabit uzunluklu kontrol alanı ta
008 - SABİT UZUNLUKTAKİ VERİ ÖGELERİ - GENEL BİLGİ
Sabit Alan 110128b2010 tu |||gr||||#||||0|tur |
020 ## - ISBN - ULUSLARARASI STANDART KİTAP NUMARASI
Isbn 9789750608629
Kullanılabilirlik koşulları 0,01
040 ## - KATALOGLAMA KAYNAĞI
Özgün Kataloglama Kurumu TR-BiSEU
Kataloglama Dili tur
Çeviri Kurumu TR-BiSEU
Açıklama Kuralları rda
041 0# - DİL KODU
Metin ya da ses kaydının dil kodu tur
044 ## - YAYINLAYAN/ÜRETEN KURULUŞUN ÜLKE KODU
ISO country code tu
050 ## - SINIFLAMA ve YER NUMARASI
Sınıflama Numarası NA6152.E84
Yer Numarası A47 2010
100 1# - KİŞİ ADI
Yazar Adı (Kişi adı) Altınsapan, Erol.
245 1# - ESER ADI BİLDİRİMİ
Başlık Zaviye ve türbeleri selçuklu osmanlı dönemi/
Sorumluluk Bildirimi Erol Altınsapan ; Erol Altınsapan, Canan Parla.
264 #1 - ÜRERİM, YAYIN, DAĞITIM ve TELİF BİLDİRİMİ
Yayın yeri Eskişehir :
Yayınlayan Anadolu Üniversitesi Yayınları
Yayın tarihi 2010
300 ## - FİZİKSEL TANIMLAMA
Sayfa, Cilt vb. 218 sayfa: resimli; 25 cm.
336 ## - İÇERİK TÜRÜ
Content type term metin
Content type code txt
Source rdacontent
337 ## - MEDYA TÜRÜ
Media type term aracısız
Media type code n
Source rdamedia
338 ## - TAŞIYICI TÜRÜ
Carrier type term cilt
Carrier type code nc
Source rdacarrier
490 1# - DİZİ BİLDİRİMİ
Dizi Bildirimi Anadolu Üniversitesi Yayınları No ;
Cilt Numarası 2182.
490 1# - DİZİ BİLDİRİMİ
Dizi Bildirimi Arkeoloji ve Sanat Tarihi Araştırma Uygulama Yaynları No ;
Cilt Numarası 1.
500 ## - GENEL NOT
Genel Not Kaynakça var.
650 #0 - KONU BAŞLIĞI EK GİRİŞ - KONU TERİMİ
Konusal terim veya coğrafi ad Türbeler--Türkiye--Eskişehir.
9 (RLIN) 53899
650 #0 - KONU BAŞLIĞI EK GİRİŞ - KONU TERİMİ
Konusal terim veya coğrafi ad Zaviyeler--Türkiye--Eskişehir.
9 (RLIN) 53900
650 #0 - KONU BAŞLIĞI EK GİRİŞ - KONU TERİMİ
Konusal terim veya coğrafi ad Selçuklumimarlığı--Türkiye.
9 (RLIN) 53901
650 #0 - KONU BAŞLIĞI EK GİRİŞ - KONU TERİMİ
Konusal terim veya coğrafi ad Türk mimarlığı--Türkiye.
9 (RLIN) 53902
830 1# - SERİ EK GİRİŞİ - TEKBİÇİM ESER ADI
Tekbiçim Başlık Anadolu Üniversitesi Yayınları No ;
Volume number/sequential designation 2182.
9 (RLIN) 24965
830 1# - SERİ EK GİRİŞİ - TEKBİÇİM ESER ADI
Tekbiçim Başlık Arkeoloji ve Sanat Tarihi Araştırma Uygulama Yaynları No ;
Volume number/sequential designation 1.
9 (RLIN) 53903
942 ## - EK GİRİŞ ÖGELERİ (KOHA)
Source of classification or shelving scheme Library of Congress Classification
Koha item type Book
Holdings
Materyal Türü Kalıcı Konum Mevcut Konum Raf Yeri Sınıflandırma Kaynağı Edinim Bilgisi Ana Konular Alt Konular Yer Numarası Demirbaş Numarası Fatura Tarihi Geri Çekilme Durumu Kayıp Durumu Hasarlı Durumu Kredi için değil Kayıt Tarih Toplam Ödünçverme Son Görülme Tarihi Son Kontrol Tarihi Genel / Bağış Notu
Book Prof. Dr. Azmi Özcan Kütüphanesi Prof. Dr. Azmi Özcan Kütüphanesi Uluğbey Salonu Library of Congress Classification Bağış GÜZEL SANATLAR Mimarlık NA6152.E84 A47 2010 0027202 02/02/2026         28/01/2011   05/12/2024 05/12/2024 Genel Bağış